[Event "GER-ch U18 Girls"]
[Site "Willingen"]
[Date "2017.06.07"]
[Round "6"]
[White "Shirov Michna, Masza"]
[Black "Simon, Tessa"]
[Result "0-1"]
[WhiteElo "1443"]
[BlackElo "1859"]
[PlyCount "66"]
[EventDate "2017.06.04"]
[EventType "swiss"]
[EventRounds "9"]
[EventCountry "GER"]
[SourceTitle "CBM 178 Extra"]
[Source "ChessBase"]
[SourceDate "2017.06.22"]
[SourceVersion "1"]
[SourceVersionDate "2017.06.22"]
[SourceQuality "1"]

1. d4 d5 2. e3 Nf6 3. Bd3 c5 4. c3 Nc6 5. f4 Bg4 6. Nf3 e6 7. 0-0 Bd6 8. Qe1 0-0 9. Ne5 Bf5 10. Nd2 Qc7 11. Qg3 Bxd3 12. Nxd3 Nd7 13. Qh3 Rae8 14. Nf3 f6 15. Re1 h6 16. e4 dxe4 17. Rxe4 c4 18. Nc5 Nxc5 19. dxc5 Bxc5+ 20. Kh1 Qd6 21. Bd2 f5 22. Re2 b5 23. a4 b4 24. cxb4 Bxb4 25. Qg3 Bxd2 26. Rxd2 Qe7 27. Rc1 Na5 28. Ne5 Nb3 29. Rd7 Qf6 30. Rxc4 Rc8 31. Qxb3 Qh4 32. g3 Qh3 33. Rxc8 Qf1# 0-1

[Event "GER-ch U18 Girls"]
[Site "Willingen"]
[Date "2017.06.06"]
[Round "4"]
[White "Shirov Michna, Masza"]
[Black "Schiewe, Nadine"]
[Result "1/2-1/2"]
[WhiteElo "1443"]
[BlackElo "1432"]
[PlyCount "47"]
[EventDate "2017.06.04"]
[EventType "swiss"]
[EventRounds "9"]
[EventCountry "GER"]
[SourceTitle "CBM 178 Extra"]
[Source "ChessBase"]
[SourceDate "2017.06.22"]
[SourceVersion "1"]
[SourceVersionDate "2017.06.22"]
[SourceQuality "1"]

1. d4 d5 2. e3 e6 3. f4 Bd6 4. Nf3 f5 5. Nbd2 Nf6 6. c4 c6 7. Be2 Ne4 8. 0-0 0-0 9. Qb3 Kh8 10. Ne5 b6 11. Ndf3 Bb7 12. Bd2 Nd7 13. Be1 Rc8 14. Bh4 Be7 15. Bxe7 Qxe7 16. Nxd7 Qxd7 17. Ne5 Qe7 18. Rad1 Rc7 19. Rf3 Qh4 20. Bd3 Rfc8 21. Bxe4 fxe4 22. Rh3 Qf6 23. c5 b5 24. a4 1/2-1/2

[Event "GER-ch U18 Girls"]
[Site "Willingen"]
[Date "2017.06.05"]
[Round "3"]
[White "Fock, Amina"]
[Black "Shirov Michna, Masza"]
[Result "1-0"]
[WhiteElo "1574"]
[BlackElo "1443"]
[PlyCount "71"]
[EventDate "2017.06.04"]
[EventType "swiss"]
[EventRounds "9"]
[EventCountry "GER"]
[SourceTitle "CBM 178 Extra"]
[Source "ChessBase"]
[SourceDate "2017.06.22"]
[SourceVersion "1"]
[SourceVersionDate "2017.06.22"]
[SourceQuality "1"]

1. e4 d5 2. exd5 Qxd5 3. Nc3 Qd8 4. d4 Nf6 5. Nf3 Bg4 6. Be2 e6 7. Be3 c6 8. 0-0 Bd6 9. h3 Bxf3 10. Bxf3 0-0 11. Qd2 Nbd7 12. Rfe1 Qc7 13. Rad1 Rfd8 14. Qe2 Nd5 15. Bg5 Nxc3 16. bxc3 Rdc8 17. Rb1 Rab8 18. Be4 Qa5 19. Bd2 Nf6 20. Bd3 Qc7 21. Qf3 Rd8 22. Bg5 Be7 23. Bf4 Bd6 24. Bxd6 Qxd6 25. Rb3 b6 26. Rd1 Qc7 27. c4 g6 28. Qxf6 Rd7 29. Be4 Rbd8 30. Rbd3 Qb7 31. d5 exd5 32. cxd5 cxd5 33. Bf3 Rd6 34. Qe5 f6 35. Bxd5+ Rxd5 36. Rxd5 1-0

[Event "GER-ch U18 Girls"]
[Site "Willingen"]
[Date "2016.05.19"]
[Round "7"]
[White "Holschuh, Paulina"]
[Black "Shirov Michna, Masza"]
[Result "1/2-1/2"]
[WhiteElo "1042"]
[BlackElo "1320"]
[PlyCount "77"]
[EventDate "2016.05.15"]
[EventType "swiss"]
[EventRounds "9"]
[EventCountry "GER"]
[SourceTitle "CBM 172 Extra"]
[Source "ChessBase"]
[SourceDate "2016.06.21"]
[SourceVersion "1"]
[SourceVersionDate "2016.06.21"]
[SourceQuality "1"]

1. e4 d5 2. exd5 Qxd5 3. Nc3 Qd6 4. Bc4 Nf6 5. Nf3 a6 6. d3 b5 7. Bb3 Bb7 8. 0-0 Nbd7 9. d4 e6 10. Re1 Be7 11. Ne2 Ng4 12. Bf4 Qc6 13. Ng3 g5 14. Bd2 Nxh2 15. Kxh2 g4 16. d5 exd5 17. Nd4 Qf6 18. Ndf5 Ne5 19. Bc3 Qc6 20. Bxd5 Qxd5 21. Qxd5 Bxd5 22. Rxe5 Be6 23. Rxe6 fxe6 24. Bxh8 exf5 25. Re1 Kf7 26. Nxf5 Bc5 27. Bd4 Bxd4 28. Nxd4 Rd8 29. Re4 c5 30. Rf4+ Kg6 31. Ne6 Rd2 32. Nxc5 Rxc2 33. Nxa6 Rxb2 34. Nc7 Kg5 35. Ne6+ Kg6 36. Nc7 Kg5 37. Ne6+ Kg6 38. Nc7 Kg5 39. Ne6+ 1/2-1/2

[Event "GER-ch U18 Girls"]
[Site "Willingen"]
[Date "2016.05.15"]
[Round "2"]
[White "Klenk, Sofie"]
[Black "Shirov Michna, Masza"]
[Result "0-1"]
[WhiteElo "1810"]
[BlackElo "1320"]
[PlyCount "152"]
[EventDate "2016.05.15"]
[EventType "swiss"]
[EventRounds "9"]
[EventCountry "GER"]
[SourceTitle "CBM 172 Extra"]
[Source "ChessBase"]
[SourceDate "2016.06.21"]
[SourceVersion "1"]
[SourceVersionDate "2016.06.21"]
[SourceQuality "1"]

1. e4 e6 2. d4 d5 3. Nc3 dxe4 4. Nxe4 Be7 5. Nf3 Nf6 6. Bd3 0-0 7. 0-0 b6 8. Nxf6+ Bxf6 9. Be4 c6 10. Qd3 g6 11. Bf4 Bb7 12. Ne5 Bxe5 13. Bxe5 Nd7 14. Bf4 f5 15. Bf3 Qf6 16. Rfe1 Rfe8 17. Qd2 e5 18. Bg5 Qd6 19. Qc3 exd4 20. Qc4+ Kg7 21. Re2 Ne5 22. Qb3 Nxf3+ 23. Qxf3 Ba6 24. Rd2 Qe6 25. h4 h6 26. Bf4 Qf6 27. Bg3 Re4 28. Qa3 Bb7 29. f3 Re3 30. Qa4 c5 31. Bf2 Re7 32. Re1 Rxe1+ 33. Bxe1 Bc6 34. Qa6 Qf7 35. Re2 Qd7 36. Re5 Kf6 37. Bg3 g5 38. Qe2 f4 39. hxg5+ hxg5 40. Bh2 Qd6 41. Bxf4 gxf4 42. Rh5 Kg6 43. Rh4 Re8 44. Qd3+ Kf7 45. Rh7+ Kg8 46. Qf5 Re7 47. Rh4 Qd5 48. Qf6 Rg7 49. Rxf4 Rf7 50. Qg6+ Kf8 51. Rxf7+ Qxf7 52. Qxc6 Qxa2 53. f4 Qxb2 54. f5 Qc1+ 55. Kh2 Qf4+ 56. g3 Qxf5 57. Qd6+ Kg7 58. Qc7+ Qf7 59. Qe5+ Kg6 60. Qe4+ Kg5 61. Qh4+ Kf5 62. Qf4+ Ke6 63. Qe4+ Kd6 64. Kg1 a5 65. Qa8 c4 66. Qd8+ Kc5 67. Qg5+ Qd5 68. Qe7+ Kb5 69. Qe8+ Kb4 70. Qe7+ Kc3 71. Qe1+ Kxc2 72. Qe2+ Kb3 73. Qd1+ Kb4 74. g4 c3 75. Qc1 a4 76. g5 d3 0-1

[Event "GER-ch U18 Girls"]
[Site "Willingen"]
[Date "2016.05.15"]
[Round "1"]
[White "Shirov Michna, Masza"]
[Black "Poetsch, Leonore"]
[Result "0-1"]
[WhiteElo "1320"]
[BlackElo "1829"]
[PlyCount "66"]
[EventDate "2016.05.15"]
[EventType "swiss"]
[EventRounds "9"]
[EventCountry "GER"]
[SourceTitle "CBM 172 Extra"]
[Source "ChessBase"]
[SourceDate "2016.06.21"]
[SourceVersion "1"]
[SourceVersionDate "2016.06.21"]
[SourceQuality "1"]

1. f4 d5 2. Nf3 c5 3. e3 Nc6 4. Bb5 Bg4 5. b3 Nf6 6. Bb2 e6 7. d3 Be7 8. Nbd2 Bxf3 9. Nxf3 Qa5+ 10. Qd2 Qxb5 11. 0-0 0-0 12. a4 Qb6 13. Ne5 Rfd8 14. Nxc6 bxc6 15. Be5 Nd7 16. Qe2 Bf6 17. Qf3 Bxe5 18. fxe5 Nxe5 19. Qh5 Ng6 20. Rf3 Qc7 21. Rh3 h6 22. Rf1 Qe5 23. Qg4 Qc3 24. Rhf3 Ne5 25. Qh5 Nxf3+ 26. Rxf3 Qe1+ 27. Rf1 Qxe3+ 28. Kh1 Rd7 29. h3 Qd2 30. Kh2 Qxc2 31. Rf3 Qxb3 32. Rg3 Qb8 33. Qg4 Qe5 0-1